00465nam a22001812 4500001001100000005001700011008004100028020001700069040001500086100002900101245005000130250002200180260003200202300001200234650003100246852000300277852000300280000002375420151217152248.0130321s xx 000 0 eng d a1581346312 : aKABUcKABU1 aDever, Mark.@000016118010aNine marks of a healthy church /cMark Dever. aNew expanded ed. aWheaton :bCrossway,c2004. a287 p. 0aChurchxmarks.@00001833871 1